[Event "Tamil Nadu IM 11th"]
[Site "Chennai"]
[Date "2024.01.14"]
[Round "9"]
[White "Khusenkhojaev, Muhammad"]
[Black "Manik, Mikulas"]
[Result "1/2-1/2"]
[WhiteElo "2379"]
[BlackElo "2342"]
[PlyCount "60"]
[EventDate "2024.01.09"]
[EventType "tourn"]
[EventRounds "9"]
[EventCountry "IND"]
[SourceTitle "CB03_2024"]
[SourceDate "2024.01.17"]
[SourceVersion "1"]
[SourceVersionDate "2024.01.17"]
[SourceQuality "1"]

1. c4 g6 2. g3 Bg7 3. Bg2 c5 4. Nc3 Nc6 5. e3 e6 6. Nge2 Nge7 7. 0-0 0-0 8. d4 cxd4 9. Nxd4 Nxd4 10. exd4 d5 11. cxd5 Nxd5 12. Nxd5 exd5 13. Be3 Be6 14. Qd2 Qd7 15. Bh6 Bh3 16. Bxg7 Kxg7 17. Rfe1 Rfe8 18. a3 Bxg2 19. Kxg2 a6 20. Rxe8 Rxe8 21. Re1 Rxe1 22. Qxe1 f6 23. f3 Kf7 24. Kf2 Qc8 25. Qd2 Qc4 26. Kg2 g5 27. g4 b5 28. Kf2 Kg7 29. Kg2 Kf7 30. Kf2 Kg7 1/2-1/2

[Event "Tamil Nadu IM 11th"]
[Site "Chennai"]
[Date "2024.01.11"]
[Round "5"]
[White "Daakshin, Arun"]
[Black "Manik, Mikulas"]
[Result "1/2-1/2"]
[WhiteElo "2309"]
[BlackElo "2342"]
[PlyCount "60"]
[EventDate "2024.01.09"]
[EventType "tourn"]
[EventRounds "9"]
[EventCountry "IND"]
[SourceTitle "CB03_2024"]
[SourceDate "2024.01.17"]
[SourceVersion "1"]
[SourceVersionDate "2024.01.17"]
[SourceQuality "1"]

1. d4 Nf6 2. c4 c6 3. Nc3 d5 4. e3 e6 5. Nf3 Nbd7 6. Qc2 Bd6 7. Bd3 dxc4 8. Bxc4 b5 9. Be2 Bb7 10. 0-0 0-0 11. e4 e5 12. dxe5 Nxe5 13. Nd4 Neg4 14. g3 Re8 15. Nf5 Bc5 16. Bf4 Nxf2 17. Rxf2 Bxf2+ 18. Kxf2 b4 19. e5 bxc3 20. exf6 Qxf6 21. g4 g5 22. Be3 Rxe3 23. Kxe3 Re8+ 24. Kf2 Qe5 25. Ng3 cxb2 26. Rb1 Qe3+ 27. Kf1 Qf4+ 28. Kg1 Qe3+ 29. Kf1 Qf4+ 30. Kg1 Qe3+ 1/2-1/2

[Event "SVK-chT 2324"]
[Site "Slovakia"]
[Date "2023.12.09"]
[Round "3.3"]
[White "Manik, Mikulas"]
[Black "Terbe, Julianna"]
[Result "1/2-1/2"]
[WhiteElo "2340"]
[BlackElo "2315"]
[PlyCount "69"]
[EventDate "2023.11.04"]
[EventType "team-tourn"]
[EventRounds "11"]
[EventCountry "SVK"]
[SourceTitle "CB04_2024"]
[SourceDate "2023.10.16"]
[SourceVersion "1"]
[SourceVersionDate "2023.10.16"]
[SourceQuality "1"]
[WhiteTeam "Bratislava Slovan"]
[BlackTeam "Komarno"]
[WhiteTeamCountry "SVK"]
[BlackTeamCountry "SVK"]

1. e4 c5 2. Nf3 Nc6 3. Nc3 e5 4. Bc4 d6 5. d3 Be7 6. 0-0 Nf6 7. Ng5 0-0 8. f4 Bg4 9. Qd2 exf4 10. Qxf4 Ne5 11. h3 Bd7 12. a4 h6 13. Nf3 Ng6 14. Qg3 Kh7 15. Bd2 Be6 16. Rae1 Bxc4 17. dxc4 Nd7 18. Nd5 Nde5 19. Nxe5 Bh4 20. Qc3 Nxe5 21. g3 Bg5 22. Bxg5 hxg5 23. b3 Qd7 24. Rf5 f6 25. Kg2 Rae8 26. Ref1 Qf7 27. Qd2 Qh5 28. g4 Qh4 29. Nc7 Rc8 30. Ne6 Rfe8 31. Qxd6 Nxg4 32. hxg4 Qxg4+ 33. Kf2 Qxe4 34. Nxg7 Qh4+ 35. Kg1 1/2-1/2

[Event "SVK-chT 2324"]
[Site "Slovakia"]
[Date "2023.11.05"]
[Round "2.2"]
[White "Bures, Jaroslav"]
[Black "Manik, Mikulas"]
[Result "1/2-1/2"]
[WhiteElo "2421"]
[BlackElo "2340"]
[PlyCount "36"]
[EventDate "2023.11.04"]
[EventType "team-tourn"]
[EventRounds "11"]
[EventCountry "SVK"]
[SourceTitle "Mega2024 Update 01"]
[Source "Chessbase"]
[SourceDate "2023.11.12"]
[SourceVersion "1"]
[SourceVersionDate "2023.11.12"]
[SourceQuality "1"]
[WhiteTeam "Levice"]
[BlackTeam "Bratislava Slovan"]
[WhiteTeamCountry "SVK"]
[BlackTeamCountry "SVK"]

1. e4 c5 2. Nf3 d6 3. d4 cxd4 4. Nxd4 Nf6 5. Nc3 g6 6. Be3 a6 7. Be2 Bg7 8. a4 Nc6 9. 0-0 0-0 10. h3 Nxd4 11. Bxd4 Qa5 12. Qd3 Be6 13. f4 Rac8 14. Qe3 Bc4 15. b4 Qc7 16. e5 Nd7 17. exd6 Bxd4 18. Qxd4 Qxd6 1/2-1/2

[Event "SVK-ch Rapid"]
[Site "Podbanske"]
[Date "2023.09.30"]
[Round "2"]
[White "Durnik, Stefan"]
[Black "Manik, Mikulas"]
[Result "0-1"]
[WhiteElo "2040"]
[BlackElo "2332"]
[PlyCount "66"]
[EventDate "2023.09.30"]
[EventType "tourn (rapid)"]
[EventRounds "10"]
[EventCountry "SVK"]
[SourceTitle "EXT 2024"]
[Source "ChessBase"]
[SourceDate "2023.10.10"]
[SourceVersion "1"]
[SourceVersionDate "2023.10.10"]
[SourceQuality "1"]

1. e4 c5 2. Nf3 d6 3. d4 cxd4 4. Qxd4 Nf6 5. Nc3 Bd7 6. Bg5 Nc6 7. Qd2 h6 8. Bf4 e5 9. Be3 a6 10. a4 Rc8 11. h3 Qc7 12. Be2 Na5 13. Nh4 Nc4 14. Bxc4 Qxc4 15. Qd3 d5 16. Nxd5 Nxd5 17. Qxd5 Qxd5 18. exd5 Rxc2 19. 0-0 Rxb2 20. Rfb1 Rxb1+ 21. Rxb1 b5 22. axb5 Bxb5 23. Nf5 Kd7 24. Bd2 g6 25. Ne3 f5 26. Rc1 Ba3 27. Ra1 Bc5 28. Rc1 Kd6 29. Rd1 Rc8 30. Re1 h5 31. g4 hxg4 32. hxg4 f4 33. Nd1 Bd4 0-1

[Event "SVK-ch Rapid"]
[Site "Podbanske"]
[Date "2023.09.30"]
[Round "1"]
[White "Manik, Mikulas"]
[Black "Janik, Marek Tobias"]
[Result "1-0"]
[WhiteElo "2332"]
[BlackElo "2033"]
[PlyCount "59"]
[EventDate "2023.09.30"]
[EventType "tourn (rapid)"]
[EventRounds "10"]
[EventCountry "SVK"]
[SourceTitle "EXT 2024"]
[Source "ChessBase"]
[SourceDate "2023.10.10"]
[SourceVersion "1"]
[SourceVersionDate "2023.10.10"]
[SourceQuality "1"]

1. e4 c5 2. Nf3 Nc6 3. Bb5 e6 4. 0-0 g6 5. Re1 Bg7 6. Bxc6 bxc6 7. e5 Ne7 8. Nc3 0-0 9. Ne4 Nd5 10. d3 h6 11. c4 f5 12. Nxc5 Ne7 13. h4 Rb8 14. d4 d6 15. exd6 Qxd6 16. Nd3 Qd8 17. Bf4 Ra8 18. Qd2 Kh7 19. Be5 Ba6 20. Bxg7 Kxg7 21. b3 Qd6 22. Re5 Rfe8 23. Rae1 Ng8 24. Nf4 Bc8 25. d5 cxd5 26. cxd5 Bd7 27. Nxe6+ Bxe6 28. Rxe6 Rxe6 29. Rxe6 Qd7 30. Rxg6+ 1-0

[Event "Skalica op-A"]
[Site "Skalica"]
[Date "2023.08.24"]
[Round "6"]
[White "Druska, Juraj"]
[Black "Manik, Mikulas"]
[Result "1/2-1/2"]
[WhiteElo "2478"]
[BlackElo "2319"]
[PlyCount "42"]
[EventDate "2023.08.19"]
[EventType "swiss"]
[EventRounds "9"]
[EventCountry "SVK"]
[SourceTitle "CBM 215 Extra"]
[Source "ChessBase"]
[SourceDate "2023.09.30"]
[SourceVersion "1"]
[SourceVersionDate "2023.09.30"]
[SourceQuality "1"]

1. d4 Nf6 2. c4 g6 3. Nc3 Bg7 4. e4 d6 5. h3 0-0 6. Be3 Nc6 7. Nge2 a6 8. d5 Ne5 9. Ng3 c6 10. f4 Ned7 11. Be2 cxd5 12. cxd5 b5 13. 0-0 Qa5 14. Rc1 Bb7 15. Qd2 Rac8 16. a3 Rfd8 17. Bd3 e6 18. dxe6 fxe6 19. f5 gxf5 20. exf5 e5 21. Bb1 d5 1/2-1/2

[Event "Bhubaneswar op-A 14th"]
[Site "Bhubaneswar"]
[Date "2023.06.15"]
[Round "6"]
[White "Manik, Mikulas"]
[Black "Chandar, Raju"]
[Result "1-0"]
[WhiteElo "2367"]
[BlackElo "1912"]
[PlyCount "75"]
[EventDate "2023.06.11"]
[EventType "swiss"]
[EventRounds "10"]
[EventCountry "IND"]
[SourceTitle "CBM 214 Extra"]
[Source "ChessBase"]
[SourceDate "2023.07.31"]
[SourceVersion "1"]
[SourceVersionDate "2023.07.31"]
[SourceQuality "1"]

1. e4 e6 2. d4 d5 3. Nc3 Nf6 4. e5 Nfd7 5. f4 c5 6. Nf3 Nc6 7. Be3 Be7 8. dxc5 Bxc5 9. Qd2 Qa5 10. Bxc5 Nxc5 11. a3 0-0 12. 0-0-0 Bd7 13. Kb1 Rab8 14. Nb5 Qxd2 15. Nxd2 f6 16. exf6 Rxf6 17. g3 e5 18. Nc3 d4 19. Nce4 Nxe4 20. Nxe4 Rff8 21. Bc4+ Kh8 22. Ng5 Be8 23. fxe5 Nxe5 24. Rxd4 Nxc4 25. Rxc4 Bc6 26. Rd1 h6 27. Ne6 Rf2 28. h4 Re8 29. Nd4 Bd5 30. Rc7 Rg2 31. Nf5 Be4 32. Nd6 Re6 33. Nxe4 Rxe4 34. Rd3 Re1+ 35. Ka2 Reg1 36. h5 Rxg3 37. Rd8+ Kh7 38. Rcc8 1-0

[Event "Bratislava Slovan op"]
[Site "Bratislava"]
[Date "2023.05.11"]
[Round "7"]
[White "Petran, Peter"]
[Black "Manik, Mikulas"]
[Result "1/2-1/2"]
[WhiteElo "2193"]
[BlackElo "2384"]
[PlyCount "20"]
[EventDate "2023.05.06"]
[EventType "swiss"]
[EventRounds "7"]
[EventCountry "SVK"]
[SourceTitle "CBM 214 Extra"]
[Source "ChessBase"]
[SourceDate "2023.07.31"]
[SourceVersion "1"]
[SourceVersionDate "2023.07.31"]
[SourceQuality "1"]

1. c4 g6 2. Nc3 Bg7 3. d4 Nf6 4. Nf3 0-0 5. g3 d6 6. Bg2 Nbd7 7. 0-0 e5 8. Qc2 Re8 9. d5 a5 10. e4 Nc5 1/2-1/2

[Event "Bratislava Slovan op"]
[Site "Bratislava"]
[Date "2023.05.10"]
[Round "6"]
[White "Manik, Mikulas"]
[Black "Lecky, Juraj"]
[Result "1-0"]
[WhiteElo "2384"]
[BlackElo "2107"]
[PlyCount "139"]
[EventDate "2023.05.06"]
[EventType "swiss"]
[EventRounds "7"]
[EventCountry "SVK"]
[SourceTitle "CBM 214 Extra"]
[Source "ChessBase"]
[SourceDate "2023.07.31"]
[SourceVersion "1"]
[SourceVersionDate "2023.07.31"]
[SourceQuality "1"]

1. e4 c5 2. Nf3 d6 3. d4 cxd4 4. Nxd4 a6 5. Nc3 Nf6 6. Bg5 e6 7. f4 Be7 8. Qf3 Qc7 9. 0-0-0 Nbd7 10. g4 h6 11. Bxf6 Bxf6 12. h4 Nb6 13. g5 Bxd4 14. Rxd4 Qc5 15. Rd2 Bd7 16. Be2 Na4 17. Nxa4 Bxa4 18. Rhd1 0-0-0 19. b3 Bc6 20. Kb2 hxg5 21. hxg5 g6 22. a3 d5 23. exd5 Rxd5 24. Rxd5 Bxd5 25. Qg3 Be4 26. c4 Rd8 27. b4 Qc6 28. Rxd8+ Kxd8 29. Qc3 Qd6 30. Qf6+ Ke8 31. Kc3 Qc6 32. Qh8+ Ke7 33. Kd4 Bg2 34. Ke3 Qa4 35. Kf2 Bc6 36. Qc3 Kf8 37. Qd3 Be8 38. Bf3 b6 39. Kg3 Ke7 40. Kf2 Bd7 41. Ke1 Be8 42. Qe3 Qc2 43. Qxb6 Qc1+ 44. Kf2 Qxf4 45. Qc5+ Kd8 46. Ke2 Qh2+ 47. Kd3 Qg3 48. Qe3 Bd7 49. Be2 Qe1 50. Bf3 Qg3 51. Ba8 Qd6+ 52. Kc3 Qd1 53. Kb2 Qh5 54. Bb7 Qh2+ 55. Kb3 Qd6 56. c5 Qd1+ 57. Kb2 Ba4 58. Be4 Kc7 59. Qd3 Qg1 60. Qd6+ Kc8 61. Qf8+ Kc7 62. Qxf7+ Bd7 63. Qf4+ e5 64. Qxe5+ Kc8 65. Bxg6 Qg2+ 66. Bc2 Ba4 67. Qe4 Qd2 68. Qe6+ Bd7 69. Qxa6+ Kd8 70. Qf6+ 1-0

[Event "Bratislava Slovan op"]
[Site "Bratislava"]
[Date "2023.05.09"]
[Round "5"]
[White "Manik, Mikulas"]
[Black "Mazur, Stefan"]
[Result "1/2-1/2"]
[WhiteElo "2384"]
[BlackElo "2460"]
[PlyCount "31"]
[EventDate "2023.05.06"]
[EventType "swiss"]
[EventRounds "7"]
[EventCountry "SVK"]
[SourceTitle "CBM 214 Extra"]
[Source "ChessBase"]
[SourceDate "2023.07.31"]
[SourceVersion "1"]
[SourceVersionDate "2023.07.31"]
[SourceQuality "1"]

1. e4 e5 2. Nf3 Nc6 3. Bb5 a6 4. Ba4 Nf6 5. 0-0 Be7 6. d3 b5 7. Bb3 d6 8. a4 Bd7 9. c3 0-0 10. Nbd2 Na5 11. Bc2 c5 12. Re1 Re8 13. d4 cxd4 14. cxd4 Nc6 15. axb5 axb5 16. Rxa8 1/2-1/2